| 000 | 01132nam a2200253 i 4500 | ||
|---|---|---|---|
| 001 | 154877 | ||
| 003 | ES-MaACL | ||
| 005 | 20250809181226.0 | ||
| 008 | 960118s1788 sp |||| | spa d | ||
| 040 |
_aEUS _bspa _cEUS |
||
| 100 | 1 |
_aGuevara, Felipe de. _9127610 |
|
| 245 | 1 | 0 |
_aComentarios de la pintura / _cque escribio Don Felipe de Guevara ... ; se publican por la primera vez con un discurso preliminar y algunas notas de Don Antonio Ponz... |
| 260 |
_aMadrid : _bpor Don Geronimo Ortega, Hijos de Ibarra y Compañia : _bse hallará á la rústica y en papel en casa de la Viuda de Ibarra ..., _c1788. |
||
| 300 |
_a[2], XIV, 254 p. ; _c8º. |
||
| 530 | _aDisponible en formato digital. | ||
| 596 | _aMarca tip. en port. | ||
| 597 | _aSign.: a8, A-P8, Q7. | ||
| 650 | 0 | 4 |
_aPintura- _vHistoria. _916006 |
| 700 | 1 |
_aPonz, Antonio, _d1725-1792 _993069 |
|
| 852 |
_aES-MaACL _jR-495 _z-- Enc. hol. _x Olim: D-2741 |
||
| 852 |
_aES-MaACL _jR-927 _z-- Enc. pasta _x Olim: G-1311 |
||
| 856 |
_uhttp://bdh-rd.bne.es/viewer.vm?id=0000092104&page=1 _zBiblioteca Digital Hispánica |
||
| 999 |
_c154877 _d154877 |
||